| 000 | 00739cam a2200217 i 4500 | ||
|---|---|---|---|
| 005 | 20260630173331.0 | ||
| 008 | 260630b |||||||| |||| 00| 0 eng d | ||
| 020 | _a9781119808121 | ||
| 040 |
_aKABLIB _beng _cKABLIB _erda |
||
| 082 | 0 | 0 |
_a615.1 _223 _bBOY |
| 100 | 1 |
_aBoyd, Claire. _94370 |
|
| 245 | 1 | 0 |
_aCalculation skills for nurses / _cClaire Boyd |
| 250 | _a2nd ed. | ||
| 264 | 1 |
_aChichester, West Sussex, UK ; _aHoboken, New Jersey : _bJohn Wiley & Sons, Ltd, _cc2013. |
|
| 300 |
_axvii, 248 p. : _bcol. ill. ; _c22 cm. |
||
| 490 | 0 | _aStudent survival skills series | |
| 504 | _aIncludes bibliographical references, index. | ||
| 650 | 0 |
_aNursing _xMathematics. _915843 |
|
| 650 | 0 |
_aPharmaceutical arithmetic. _94734 |
|
| 942 |
_2ddc _cBOOK |
||
| 999 |
_c6227 _d6227 |
||